Datum a čas kvízu
31
Celkem bodů
Celkový počet nahraných bodů na tomto kvízu bez doplňovacích otázek.
12.
Pořadí na kvízu
Konečné umístění týmu na tomto kvízu.
Zaznamenané odpovědi
| # | Otázka | Odpověď | Body | Výsledky |
|---|---|---|---|---|
| 1. | V Česku je od Nového roku jako... | psilocybin | 1 | |
| 2. | Ve kterém městě byl minulý týd... | v Abú Dhabí | 0 | |
| 3. | Minulý týden jsme se dozvěděli... | Francie | 1 | |
| 4. | Který ostrovní stát zavedl jak... | Island | 1 | |
| 5. | Na Silvestra se konalo finále... | Zadina; Stránský | 1 | |
| 6. | Mezi nejúspěšnější sourozence... | 2000; 2012 | 0.5 | |
| 7. | Pouhých 65 setin sekundy od me... | Petr; Martin | 0.5 | |
| 8. | Opomenout v tomto tématu nesmí... | 7,5 km; 6 km | 0.5 | |
| 9. | Nyní bude vaším úkolem uhodnou... | v triatlonu | 0 | |
| 10. | Na závěr se podíváme na krasob... | B) USA | 0 |